| 000 | 01743cam a22003491i 4500 | ||
|---|---|---|---|
| 003 | SA-RiAUC | ||
| 005 | 20250709132750.0 | ||
| 008 | 250703s1993 tu a g b i000r0 ara c | ||
| 020 | _a9290631028 | ||
| 040 |
_aSA-RiAUC _bara _cSA-RiAUC _erda |
||
| 041 | 1 |
_aara _hund |
|
| 043 | _aa-tu--- | ||
| 082 | 0 | 4 |
_a215.1 _qSA-RiAUC |
| 090 |
_a215.1 _bي ل م |
||
| 100 | 1 |
_aيلماز، طرجان _eمؤلف. |
|
| 245 | 1 | 2 |
_aالكعبة المشرفة : _bدراسة أثرية لمجموعة أقفالها ومفاتيحها المحفوظة في متحف طوب قابي بإستانبول / _cتأليف طرجان يلماز ؛ ترجمة تحسين عمر طه أوغلي ؛ مراجعة أحمد محمد عيسى ؛ تقديم أكمل الدين إحسان أوغلي. |
| 250 | _aالطبعة الأولى. | ||
| 264 | 1 |
_aإسطنبول، تركيا : _bمنظمة المؤتمر الإسلامي، مركز الأبحاث للتاريخ والفنون والثقافة الإسلامية، _c1993 |
|
| 300 |
_a129 صفحة : _bإيضاحيات ؛ _c28 سم. |
||
| 336 |
_aنص _btxt _2rdacontent _3كتاب |
||
| 337 |
_aبدون وسيط _bn _2rdamedia |
||
| 338 |
_aمجلد _bnc _2rdacarrier |
||
| 490 | 0 |
_aسلسلة الفنون الإسلامية والحرف اليدوية ؛ _v7 |
|
| 504 | _aببليوجرافية : صفحة 121-122. | ||
| 610 | 2 | 7 |
_aمتحف طوب قابي (إسطنبول، تركيا) _2aucnm |
| 650 | 7 |
_aالكعبة _2aucsh |
|
| 700 | 1 |
_aطه أوغلي، تحسين عمر _eمترجم. |
|
| 700 | 1 |
_aإحسان أوغلي، أكمل الدين، _d1943- _eمقدم. |
|
| 700 | 1 |
_aعيسى، أحمد محمد _eمراجع. |
|
| 942 |
_2ddc _cBOOK _n0 |
||
| 949 |
_aSA-JeALM _d250703 _umohamedma123 _n1 |
||
| 999 |
_c9673 _d9673 |
||